<?xml version="1.0" encoding="UTF-8"?>
<record
    xmlns:xsi="http://www.w3.org/2001/XMLSchema-instance"
    xsi:schemaLocation="http://www.loc.gov/MARC21/slim http://www.loc.gov/standards/marcxml/schema/MARC21slim.xsd"
    xmlns="http://www.loc.gov/MARC21/slim">

  <leader>01011cam a2200325 a 4500</leader>
  <controlfield tag="001">2159298</controlfield>
  <controlfield tag="003">OSt</controlfield>
  <controlfield tag="005">20151122114031.0</controlfield>
  <controlfield tag="008">990204s1998    enk      b    000 0 eng c</controlfield>
  <datafield tag="010" ind1=" " ind2=" ">
    <subfield code="a">   99169749 </subfield>
  </datafield>
  <datafield tag="020" ind1=" " ind2=" ">
    <subfield code="a">0194372146</subfield>
  </datafield>
  <datafield tag="020" ind1=" " ind2=" ">
    <subfield code="a">9780194372145</subfield>
  </datafield>
  <datafield tag="040" ind1=" " ind2=" ">
    <subfield code="a">CU</subfield>
    <subfield code="c">CU</subfield>
    <subfield code="d">DLC</subfield>
  </datafield>
  <datafield tag="042" ind1=" " ind2=" ">
    <subfield code="a">pcc</subfield>
  </datafield>
  <datafield tag="050" ind1="1" ind2="4">
    <subfield code="a">P35</subfield>
    <subfield code="b">.K73 1998</subfield>
  </datafield>
  <datafield tag="082" ind1=" " ind2=" ">
    <subfield code="2">22</subfield>
    <subfield code="a">425</subfield>
    <subfield code="b">KCL</subfield>
  </datafield>
  <datafield tag="100" ind1="1" ind2=" ">
    <subfield code="a">Kramsch, Claire J.</subfield>
    <subfield code="9">46075</subfield>
  </datafield>
  <datafield tag="245" ind1="1" ind2="0">
    <subfield code="a">Language and culture /</subfield>
    <subfield code="c">Claire Kramsch.</subfield>
  </datafield>
  <datafield tag="260" ind1=" " ind2=" ">
    <subfield code="a">Oxford, OX :</subfield>
    <subfield code="b">Oxford University Press,</subfield>
    <subfield code="c">1998.</subfield>
  </datafield>
  <datafield tag="300" ind1=" " ind2=" ">
    <subfield code="a">x, 134 p. ;</subfield>
    <subfield code="c">20 cm.</subfield>
  </datafield>
  <datafield tag="440" ind1=" " ind2="0">
    <subfield code="a">Oxford introductions to language study</subfield>
    <subfield code="9">46072</subfield>
  </datafield>
  <datafield tag="504" ind1=" " ind2=" ">
    <subfield code="a">Includes bibliographical references.</subfield>
  </datafield>
  <datafield tag="650" ind1=" " ind2="0">
    <subfield code="a">Language and culture.</subfield>
    <subfield code="9">48058</subfield>
  </datafield>
  <datafield tag="650" ind1=" " ind2="0">
    <subfield code="a">Semantics.</subfield>
    <subfield code="9">48059</subfield>
  </datafield>
  <datafield tag="650" ind1=" " ind2="0">
    <subfield code="a">Sociolinguistics.</subfield>
    <subfield code="9">48060</subfield>
  </datafield>
  <datafield tag="856" ind1="4" ind2="2">
    <subfield code="3">Publisher description</subfield>
    <subfield code="u">http://www.loc.gov/catdir/enhancements/fy1004/99169749-d.html</subfield>
  </datafield>
  <datafield tag="906" ind1=" " ind2=" ">
    <subfield code="a">7</subfield>
    <subfield code="b">cbc</subfield>
    <subfield code="c">pccunad</subfield>
    <subfield code="d">u</subfield>
    <subfield code="e">ncip</subfield>
    <subfield code="f">19</subfield>
    <subfield code="g">y-gencatlg</subfield>
  </datafield>
  <datafield tag="942" ind1=" " ind2=" ">
    <subfield code="2">ddc</subfield>
    <subfield code="c">BOOK</subfield>
  </datafield>
  <datafield tag="999" ind1=" " ind2=" ">
    <subfield code="c">35492</subfield>
    <subfield code="d">269992</subfield>
  </datafield>
  <datafield tag="952" ind1=" " ind2=" ">
    <subfield code="1">0</subfield>
    <subfield code="2">2014-07-08</subfield>
    <subfield code="4">0</subfield>
    <subfield code="7">0</subfield>
    <subfield code="a">425 KCL</subfield>
    <subfield code="d">2014-07-08</subfield>
    <subfield code="h">CL</subfield>
    <subfield code="i">00652828</subfield>
    <subfield code="m">CL</subfield>
    <subfield code="r">2014-07-08 00:00:00</subfield>
    <subfield code="t">BOOK</subfield>
    <subfield code="w">ddc</subfield>
    <subfield code="y">0</subfield>
  </datafield>
  <datafield tag="952" ind1=" " ind2=" ">
    <subfield code="1">0</subfield>
    <subfield code="2">2014-07-08</subfield>
    <subfield code="4">0</subfield>
    <subfield code="7">0</subfield>
    <subfield code="a">425 KCL</subfield>
    <subfield code="d">2014-07-08</subfield>
    <subfield code="h">CL</subfield>
    <subfield code="i">00652829</subfield>
    <subfield code="m">CL</subfield>
    <subfield code="r">2014-07-08 00:00:00</subfield>
    <subfield code="t">BOOK</subfield>
    <subfield code="w">ddc</subfield>
    <subfield code="y">0</subfield>
  </datafield>
  <datafield tag="952" ind1=" " ind2=" ">
    <subfield code="1">0</subfield>
    <subfield code="2">2014-07-08</subfield>
    <subfield code="4">0</subfield>
    <subfield code="7">0</subfield>
    <subfield code="a">425 KCL</subfield>
    <subfield code="d">2014-07-08</subfield>
    <subfield code="h">CL</subfield>
    <subfield code="i">00652830</subfield>
    <subfield code="m">CL</subfield>
    <subfield code="r">2014-07-08 00:00:00</subfield>
    <subfield code="t">BOOK</subfield>
    <subfield code="w">ddc</subfield>
    <subfield code="y">0</subfield>
  </datafield>
  <datafield tag="952" ind1=" " ind2=" ">
    <subfield code="1">0</subfield>
    <subfield code="2">2014-07-08</subfield>
    <subfield code="4">0</subfield>
    <subfield code="7">0</subfield>
    <subfield code="a">425 KCL</subfield>
    <subfield code="d">2014-07-08</subfield>
    <subfield code="h">CL</subfield>
    <subfield code="i">00652831</subfield>
    <subfield code="m">SZM</subfield>
    <subfield code="q">2024-08-27</subfield>
    <subfield code="r">2024-09-12 00:00:00</subfield>
    <subfield code="t">BOOK</subfield>
    <subfield code="w">ddc</subfield>
    <subfield code="y">1</subfield>
  </datafield>
  <datafield tag="952" ind1=" " ind2=" ">
    <subfield code="1">0</subfield>
    <subfield code="2">2014-07-08</subfield>
    <subfield code="4">0</subfield>
    <subfield code="7">0</subfield>
    <subfield code="a">425 KCL</subfield>
    <subfield code="d">2014-07-08</subfield>
    <subfield code="h">EZF</subfield>
    <subfield code="i">00652832</subfield>
    <subfield code="m">SZM</subfield>
    <subfield code="q">2018-03-21</subfield>
    <subfield code="r">2018-05-09 00:00:00</subfield>
    <subfield code="t">BOOK</subfield>
    <subfield code="w">ddc</subfield>
    <subfield code="y">1</subfield>
  </datafield>
  <datafield tag="952" ind1=" " ind2=" ">
    <subfield code="1">0</subfield>
    <subfield code="2">2015-07-04</subfield>
    <subfield code="4">0</subfield>
    <subfield code="7">1</subfield>
    <subfield code="a">425 KCL</subfield>
    <subfield code="c">1</subfield>
    <subfield code="d">2015-07-04</subfield>
    <subfield code="e">arab</subfield>
    <subfield code="h">SRF</subfield>
    <subfield code="i">00212000</subfield>
    <subfield code="m">SRF</subfield>
    <subfield code="q">2021-11-11</subfield>
    <subfield code="r">2021-11-16 00:00:00</subfield>
    <subfield code="t">BOOK</subfield>
    <subfield code="w">ddc</subfield>
    <subfield code="y">1</subfield>
  </datafield>
  <datafield tag="952" ind1=" " ind2=" ">
    <subfield code="1">0</subfield>
    <subfield code="2">2015-07-04</subfield>
    <subfield code="4">0</subfield>
    <subfield code="7">0</subfield>
    <subfield code="a">425 KCL</subfield>
    <subfield code="c">2</subfield>
    <subfield code="d">2015-07-04</subfield>
    <subfield code="e">arab</subfield>
    <subfield code="h">SRF</subfield>
    <subfield code="i">00212001</subfield>
    <subfield code="m">SRF</subfield>
    <subfield code="r">2015-07-04 00:00:00</subfield>
    <subfield code="t">BOOK</subfield>
    <subfield code="w">ddc</subfield>
    <subfield code="y">0</subfield>
  </datafield>
  <datafield tag="952" ind1=" " ind2=" ">
    <subfield code="1">0</subfield>
    <subfield code="2">2015-07-04</subfield>
    <subfield code="4">0</subfield>
    <subfield code="7">1</subfield>
    <subfield code="a">425 KCL</subfield>
    <subfield code="c">1</subfield>
    <subfield code="d">2015-07-04</subfield>
    <subfield code="e">arab</subfield>
    <subfield code="h">SRM</subfield>
    <subfield code="i">00212002</subfield>
    <subfield code="m">SRM</subfield>
    <subfield code="r">2015-07-04 00:00:00</subfield>
    <subfield code="t">BOOK</subfield>
    <subfield code="w">ddc</subfield>
    <subfield code="y">0</subfield>
  </datafield>
  <datafield tag="952" ind1=" " ind2=" ">
    <subfield code="1">0</subfield>
    <subfield code="2">2015-07-04</subfield>
    <subfield code="4">0</subfield>
    <subfield code="7">0</subfield>
    <subfield code="a">425 KCL</subfield>
    <subfield code="c">2</subfield>
    <subfield code="d">2015-07-04</subfield>
    <subfield code="e">arab</subfield>
    <subfield code="h">SRM</subfield>
    <subfield code="i">00212004</subfield>
    <subfield code="m">SRM</subfield>
    <subfield code="r">2015-07-04 00:00:00</subfield>
    <subfield code="t">BOOK</subfield>
    <subfield code="w">ddc</subfield>
    <subfield code="y">0</subfield>
  </datafield>
  <datafield tag="952" ind1=" " ind2=" ">
    <subfield code="1">0</subfield>
    <subfield code="2">2015-07-04</subfield>
    <subfield code="4">0</subfield>
    <subfield code="7">1</subfield>
    <subfield code="a">425 KCL</subfield>
    <subfield code="d">2015-07-04</subfield>
    <subfield code="e">arab</subfield>
    <subfield code="h">IC</subfield>
    <subfield code="i">00212003</subfield>
    <subfield code="m">IC</subfield>
    <subfield code="q">2018-03-19</subfield>
    <subfield code="r">2018-03-22 00:00:00</subfield>
    <subfield code="t">BOOK</subfield>
    <subfield code="w">ddc</subfield>
    <subfield code="y">1</subfield>
  </datafield>
</record>
